| 000 | 00449nam a22001577a 4500 | ||
|---|---|---|---|
| 005 | 20251108164223.0 | ||
| 008 | 250721s1987 xx 000 0 ara d | ||
| 082 | 1 | 4 | _a617.7/إبر |
| 100 | 1 | _aعامر، إبراهيم محمد | |
| 245 | 1 | 0 |
_aعيناك : _bكيف تحافظ على سلامتهما / |
| 264 | 1 |
_aجدة : _bالدار السعودية، _c1987. |
|
| 300 | _a262ص | ||
| 650 | 1 | 7 | _aالعين |
| 942 |
_2ddc _cBK |
||
| 999 |
_c6691 _d6691 |
||